A kíváncsiság erénye
Elmentve itt :
| Szerző: | |
|---|---|
| Adatforrás: | Philobibl |
| Forrásdokumentuma: | Vigilia 73.2008:8. p. 622-627. |
| Dokumentumtípus: | Cikk |
| Nyelv: | magyar |
| Kulcsszavak: | erkölcsteológia erény |
| Megjelent: |
2008
|
| LEADER | 00350nab a2200133 c 4500 | ||
|---|---|---|---|
| 001 | bibPHI0033859 | ||
| 005 | 20200924123246.2 | ||
| 008 | 090327s2008 hu hun | ||
| 100 | 1 | |a Aszalós János | |
| 245 | 1 | 2 | |a A kíváncsiság erénye |c Aszalós János |
| 260 | |a 2008 | ||
| 695 | |a erkölcsteológia | ||
| 695 | |a erény | ||
| 773 | 0 | |t Vigilia |g 73.2008:8. p. 622-627. | |